[Event "ISL-ch (Women)"]
[Site "Reykjavik"]
[Date "2021.05.31"]
[Round "4"]
[White "Acevedo Mendez, Lisseth"]
[Black "Haile, Batel Goitom"]
[Result "1/2-1/2"]
[WhiteElo "1829"]
[BlackElo "1625"]
[PlyCount "78"]
[EventDate "2021.05.26"]
[EventType "tourn"]
[EventRounds "7"]
[EventCountry "ISL"]
[SourceTitle "CBM 203 Extra"]
[Source "ChessBase"]
[SourceDate "2021.09.30"]
[SourceVersion "1"]
[SourceVersionDate "2021.09.30"]
[SourceQuality "1"]

1. e4 c5 2. Nf3 g6 3. d4 cxd4 4. Nxd4 Bg7 5. c4 Nc6 6. Be3 Nf6 7. Nc3 0-0 8. Be2 e6 9. 0-0 d5 10. exd5 exd5 11. cxd5 Nxd5 12. Nxd5 Nxd4 13. Bxd4 Qxd5 14. Bxg7 Qxd1 15. Rfxd1 Kxg7 16. Rac1 Be6 17. Rc7 Rab8 18. a3 a5 19. Bf3 b5 20. Ra7 a4 21. h3 Rfc8 22. Rd2 Rc1+ 23. Kh2 Kg8 24. Kg3 Rbc8 25. Rb7 Bc4 26. Be2 Rc5 27. f3 h5 28. h4 Re5 29. Bxc4 Rxc4 30. Rd8+ Kg7 31. Rdd7 Rf5 32. Rbc7 Rcf4 33. Re7 b4 34. Ra7 bxa3 35. bxa3 Rc4 36. Re4 Rfc5 37. Ree7 Rf5 38. Re4 Rfc5 39. Ree7 Rf5 1/2-1/2

[Event "ISL-ch (Women)"]
[Site "Reykjavik"]
[Date "2021.05.28"]
[Round "3"]
[White "Haile, Batel Goitom"]
[Black "Johannsdottir, Johanna Bjorg"]
[Result "0-1"]
[WhiteElo "1625"]
[BlackElo "1990"]
[PlyCount "84"]
[EventDate "2021.05.26"]
[EventType "tourn"]
[EventRounds "7"]
[EventCountry "ISL"]
[SourceTitle "CBM 203 Extra"]
[Source "ChessBase"]
[SourceDate "2021.09.30"]
[SourceVersion "1"]
[SourceVersionDate "2021.09.30"]
[SourceQuality "1"]

1. e4 g6 2. d4 Bg7 3. Nf3 d6 4. Be2 Nd7 5. 0-0 a6 6. c3 c5 7. Be3 Ngf6 8. Nbd2 0-0 9. h3 b5 10. a4 b4 11. e5 Nd5 12. exd6 exd6 13. c4 Nxe3 14. fxe3 Qe7 15. Kf2 Re8 16. e4 cxd4 17. Qc2 Nc5 18. Bd3 Bb7 19. Rfe1 Qf6 20. Nb3 Ne6 21. Na5 Rab8 22. Nxb7 Rxb7 23. e5 dxe5 24. Rxe5 Bh6 25. Kg1 Be3+ 26. Kh1 b3 27. Qd1 Rc8 28. Be4 Rbc7 29. Bd5 Ng5 30. Rxg5 Bxg5 31. Nxg5 Qxg5 32. Qxd4 Re8 33. Qb6 Rce7 34. Qf2 Kg7 35. Bc6 Re2 36. Qd4+ R8e5 37. Bf3 Qd2 38. Qg4 Re1+ 39. Rxe1 Rxe1+ 40. Kh2 Qd6+ 41. g3 Qd2+ 42. Bg2 Qf2 0-1

[Event "ISL-ch (Women)"]
[Site "Reykjavik"]
[Date "2021.05.27"]
[Round "2"]
[White "Ptacnikova, Lenka"]
[Black "Haile, Batel Goitom"]
[Result "1-0"]
[WhiteElo "2107"]
[BlackElo "1625"]
[PlyCount "71"]
[EventDate "2021.05.26"]
[EventType "tourn"]
[EventRounds "7"]
[EventCountry "ISL"]
[SourceTitle "CBM 203 Extra"]
[Source "ChessBase"]
[SourceDate "2021.09.30"]
[SourceVersion "1"]
[SourceVersionDate "2021.09.30"]
[SourceQuality "1"]

1. e4 c5 2. Nc3 g6 3. g3 Bg7 4. Bg2 Nc6 5. d3 e6 6. Be3 Nd4 7. Qd2 Ne7 8. Nge2 0-0 9. 0-0 d5 10. exd5 exd5 11. Bg5 f6 12. Be3 Nxe2+ 13. Nxe2 d4 14. Bh6 Re8 15. Bxg7 Kxg7 16. Rae1 Qc7 17. Nf4 Bf5 18. h3 g5 19. Nh5+ Kf7 20. g4 Bg6 21. Ng3 Qd7 22. f4 Kg8 23. fxg5 Nd5 24. Bxd5+ Qxd5 25. gxf6 Qd6 26. Ne4 Qc7 27. f7+ Bxf7 28. Nf6+ Kh8 29. Nxe8 Rxe8 30. Rxe8+ Bxe8 31. Rf8+ Kg7 32. Rxe8 Qg3+ 33. Qg2 Qf4 34. Qxb7+ Kg6 35. Qe4+ Qxe4 36. Rxe4 1-0

[Event "ISL-ch (Women)"]
[Site "Reykjavik"]
[Date "2021.05.26"]
[Round "1"]
[White "Haile, Batel Goitom"]
[Black "Finnbogadottir, Tinna Kristin"]
[Result "1/2-1/2"]
[WhiteElo "1625"]
[BlackElo "1843"]
[PlyCount "120"]
[EventDate "2021.05.26"]
[EventType "tourn"]
[EventRounds "7"]
[EventCountry "ISL"]
[SourceTitle "CBM 203 Extra"]
[Source "ChessBase"]
[SourceDate "2021.09.30"]
[SourceVersion "1"]
[SourceVersionDate "2021.09.30"]
[SourceQuality "1"]

1. e4 c5 2. Nf3 g6 3. c3 Bg7 4. d4 cxd4 5. cxd4 Nf6 6. Nc3 d6 7. Bb5+ Bd7 8. Bxd7+ Qxd7 9. e5 dxe5 10. Nxe5 Qe6 11. Qa4+ Nc6 12. 0-0 0-0 13. Bf4 Nh5 14. d5 Qf5 15. Nxc6 bxc6 16. Be3 cxd5 17. Nb5 Qd7 18. Qa5 Rfc8 19. Rfd1 a6 20. Nc3 e6 21. Na4 Rc2 22. Nb6 Qd8 23. Qa4 Rb8 24. Qxc2 Rxb6 25. Bxb6 Qxb6 26. Qd2 Nf6 27. Rac1 h5 28. Qd4 Qb8 29. Qc3 Qf4 30. Qg3 Qa4 31. Qa3 Qf4 32. Qe3 Qa4 33. a3 Ng4 34. Qe2 Ne5 35. Qc2 Qg4 36. Kh1 Nc4 37. h3 Qf4 38. Rb1 Be5 39. g3 Qf3+ 40. Kg1 Nxb2 41. Re1 Nc4 42. Rb3 Qf6 43. Kg2 Bd6 44. a4 a5 45. Rc3 Bb4 46. Rxc4 dxc4 47. Rd1 c3 48. Qd3 Kg7 49. Qd4 e5 50. Qe4 Ba3 51. Re1 Bb2 52. Re2 Qf5 53. Qc4 Ba1 54. Qe4 Bb2 55. Qxf5 gxf5 56. Kf1 Kf6 57. Ke1 Ba3 58. f3 Bb4 59. Kd1 Bc5 60. Kc2 Bd4 1/2-1/2

[Event "ISL-chT1 1920"]
[Site "Reykjavik"]
[Date "2021.05.15"]
[Round "7.2"]
[White "Haile, Batel Goitom"]
[Black "Thorhallsson, Simon"]
[Result "0-1"]
[WhiteElo "1625"]
[BlackElo "2197"]
[PlyCount "70"]
[EventDate "2019.10.03"]
[EventType "team-tourn"]
[EventRounds "9"]
[EventCountry "ISL"]
[SourceTitle "EXT 2022"]
[Source "ChessBase"]
[SourceDate "2021.10.06"]
[SourceVersion "1"]
[SourceVersionDate "2021.10.06"]
[SourceQuality "1"]
[WhiteTeam "Taflfelag Reykjavikur II"]
[BlackTeam "Skakfelag Akureyrar"]
[WhiteTeamCountry "ISL"]
[BlackTeamCountry "ISL"]

1. e4 e6 2. Nf3 d5 3. exd5 exd5 4. d4 Nf6 5. Bg5 c5 6. Bb5+ Nc6 7. Qe2+ Be6 8. Ne5 Rc8 9. f4 Be7 10. Bxf6 gxf6 11. Nxc6 bxc6 12. Ba6 Rb8 13. 0-0 f5 14. c3 c4 15. b3 Qb6 16. Qe5 Kd7 17. bxc4 Qxa6 18. cxd5 cxd5 19. c4 Qxc4 20. Nd2 Qd3 21. Nb3 Qe4 22. Rac1 Qxe5 23. dxe5 Rhc8 24. g4 Rxc1 25. Nxc1 Rg8 26. g5 Rc8 27. Nb3 Rc2 28. a4 d4 29. Na1 Rb2 30. Rc1 d3 31. Rd1 Bc4 32. Kf1 Bc5 33. Ke1 Re2+ 34. Kf1 Rf2+ 35. Ke1 Rxh2 0-1

[Event "Wch FIDE Online U14 Girls Europe qual"]
[Site "Tornelo INT"]
[Date "2020.12.09"]
[Round "6"]
[White "Haile, Batel Goitom"]
[Black "Buri, Petra Zsuzsanna"]
[Result "1-0"]
[WhiteElo "1426"]
[BlackElo "1475"]
[PlyCount "61"]
[EventDate "2020.12.07"]
[EventType "swiss (rapid)"]
[EventRounds "7"]
[EventCountry "ISS"]
[SourceTitle "EXT 2022"]
[Source "ChessBase"]
[SourceDate "2021.10.06"]
[SourceVersion "1"]
[SourceVersionDate "2021.10.06"]
[SourceQuality "1"]

1. e4 e5 2. Nf3 Nc6 3. Bc4 Bc5 4. d3 Nf6 5. 0-0 d6 6. h3 Be6 7. Bb5 a6 8. Bxc6+ bxc6 9. Bg5 h6 10. Bh4 g5 11. Bg3 Nh5 12. Bh2 g4 13. hxg4 Bxg4 14. c3 Rg8 15. d4 exd4 16. cxd4 Bxd4 17. Qxd4 Bxf3 18. Bg3 Qg5 19. Qc3 Bxg2 20. Qxc6+ Ke7 21. Qxc7+ Kf8 22. Qxd6+ Kg7 23. Kxg2 Rad8 24. Qe5+ Qxe5 25. Bxe5+ Kf8+ 26. Bg3 Nf4+ 27. Kh2 Ne2 28. Nc3 Nd4 29. Rad1 Nf3+ 30. Kh1 Nd2 31. Rfe1 1-0

[Event "Wch FIDE Online U14 Girls Europe qual"]
[Site "Tornelo INT"]
[Date "2020.12.08"]
[Round "5"]
[White "Manko, Mariya"]
[Black "Haile, Batel Goitom"]
[Result "1-0"]
[WhiteElo "1830"]
[BlackElo "1426"]
[PlyCount "61"]
[EventDate "2020.12.07"]
[EventType "swiss (rapid)"]
[EventRounds "7"]
[EventCountry "ISS"]
[SourceTitle "EXT 2022"]
[Source "ChessBase"]
[SourceDate "2021.10.06"]
[SourceVersion "1"]
[SourceVersionDate "2021.10.06"]
[SourceQuality "1"]

1. Nf3 Nf6 2. c4 c5 3. Nc3 Nc6 4. d4 cxd4 5. Nxd4 g6 6. e4 d6 7. Be2 Bg7 8. Be3 0-0 9. Qd2 Ng4 10. Bxg4 Bxg4 11. f3 Bd7 12. 0-0-0 Ne5 13. b3 a5 14. a4 Nc6 15. h4 h5 16. g4 hxg4 17. h5 Bf6 18. Nd5 e6 19. Nxf6+ Qxf6 20. fxg4 Nxd4 21. Bxd4 e5 22. Rdf1 Qg7 23. Be3 Rfd8 24. Bg5 Rf8 25. Bf6 Qh7 26. hxg6 Qxh1 27. Rxh1 fxg6 28. Qg5 Kf7 29. Rh7+ Ke8 30. Qxg6+ Rf7 31. Rh8# 1-0

[Event "Wch FIDE Online U14 Girls Europe qual"]
[Site "Tornelo INT"]
[Date "2020.12.08"]
[Round "3"]
[White "Siekanska, Maria"]
[Black "Haile, Batel Goitom"]
[Result "1-0"]
[WhiteElo "1587"]
[BlackElo "1426"]
[PlyCount "53"]
[EventDate "2020.12.07"]
[EventType "swiss (rapid)"]
[EventRounds "7"]
[EventCountry "ISS"]
[SourceTitle "EXT 2022"]
[Source "ChessBase"]
[SourceDate "2021.10.06"]
[SourceVersion "1"]
[SourceVersionDate "2021.10.06"]
[SourceQuality "1"]

1. d4 Nf6 2. c4 e6 3. Nc3 d5 4. cxd5 exd5 5. Bg5 Be7 6. e3 0-0 7. Bd3 h6 8. Bh4 Nbd7 9. Qc2 c6 10. Nge2 Re8 11. 0-0 c5 12. Rad1 cxd4 13. exd4 a6 14. f3 b5 15. a3 Bb7 16. Bf2 Nb6 17. Ng3 Bd6 18. Nf5 Bf4 19. Rfe1 Qd7 20. Bh4 Qc6 21. Ne7+ Rxe7 22. Rxe7 Bd6 23. Bxf6 gxf6 24. Bh7+ Kg7 25. Qg6+ Kh8 26. Rxf7 Bf8 27. Qg8# 1-0

[Event "EU-ch Online U14 Girls"]
[Site "Tornelo INT"]
[Date "2020.09.20"]
[Round "9"]
[White "Haile, Batel Goitom"]
[Black "Ajradinoska, Indzi"]
[Result "1-0"]
[WhiteElo "1387"]
[BlackElo "1194"]
[PlyCount "117"]
[EventDate "2020.09.18"]
[EventType "swiss (rapid)"]
[EventRounds "9"]
[EventCountry "NET"]
[SourceTitle "EXT 2023"]
[Source "ChessBase"]
[SourceDate "2022.10.05"]
[SourceVersion "1"]
[SourceVersionDate "2022.10.05"]
[SourceQuality "1"]
[WhiteTeam "Island"]
[BlackTeam "Macedonia"]
[WhiteTeamCountry "ISL"]
[BlackTeamCountry "MKD"]

1. e4 e6 2. d4 d5 3. exd5 exd5 4. Nf3 Bg4 5. Be2 Nf6 6. 0-0 h6 7. Nc3 Bb4 8. Bd2 0-0 9. h3 Bh5 10. Ne5 Bxe2 11. Nxe2 Bxd2 12. Qxd2 Nbd7 13. Nc3 c6 14. Rae1 Re8 15. Qf4 Nxe5 16. dxe5 Nd7 17. a3 Qc7 18. Re2 Re7 19. Rfe1 Rae8 20. Qd4 Qb6 21. Qf4 Qxb2 22. Qg3 Qxa3 23. Nxd5 Qxg3 24. Nxe7+ Rxe7 25. fxg3 Nc5 26. Re3 b6 27. Rd1 Kf8 28. Rd8+ Re8 29. Rxe8+ Kxe8 30. c4 Ke7 31. Kf1 Ke6 32. Ke2 Nd7 33. Ra3 a5 34. Rb3 Kxe5 35. Ke3 Kd6 36. Kd4 a4 37. Ra3 b5 38. cxb5 cxb5 39. Rf3 f6 40. g4 Nc5 41. Kc3 Nd7 42. Kb4 Kc6 43. Rc3+ Kb6 44. Rd3 Kc6 45. Rc3+ Kb6 46. Rc8 Kb7 47. Rg8 g5 48. Rg6 Ka6 49. Rxh6 a3 50. Kxa3 Ka5 51. Rh8 b4+ 52. Kb3 Nc5+ 53. Kc4 Ne6 54. Ra8+ Kb6 55. Kxb4 Nf4 56. g3 Nxh3 57. Rf8 Nf2 58. Rxf6+ Kc7 59. Rxf2 1-0

[Event "Online Olym Div2 D"]
[Site "Chess.com INT"]
[Date "2020.08.16"]
[Round "7.6"]
[White "Haile, Batel Goitom"]
[Black "Santiago Sontay, Jenny Fernanda"]
[Result "0-1"]
[WhiteElo "1583"]
[BlackElo "1728"]
[PlyCount "102"]
[EventDate "2020.08.14"]
[EventType "team-tourn (rapid)"]
[EventRounds "9"]
[EventCountry "USA"]
[SourceTitle "CBM 198"]
[Source "ChessBase"]
[SourceDate "2020.10.31"]
[SourceVersion "1"]
[SourceVersionDate "2020.10.31"]
[SourceQuality "1"]
[WhiteTeam "Iceland"]
[BlackTeam "Guatemala"]
[WhiteTeamCountry "ISL"]
[BlackTeamCountry "GUA"]

1. e4 e6 2. d4 d5 3. exd5 exd5 4. Nf3 Nf6 5. Nc3 c6 6. h3 Bd6 7. Bg5 0-0 8. Be2 Bf5 9. 0-0 Nbd7 10. Bd3 Qc7 11. Bxf5 Rfe8 12. Bxf6 Nxf6 13. Qd3 g6 14. Bg4 Re7 15. Rfe1 Rae8 16. Rxe7 Rxe7 17. Re1 h5 18. Rxe7 Bxe7 19. Bxh5 Nxh5 20. Ne5 Bd6 21. Ng4 f5 22. Ne3 Kg7 23. Ne2 Qa5 24. Nc3 Nf4 25. Qd2 Qb4 26. Ned1 Ne6 27. Qe3 Kf7 28. Qh6 Qxd4 29. Ne3 Bf8 30. Qh7+ Bg7 31. g3 Nf8 32. Qh4 Qxh4 33. gxh4 d4 34. Nc4 dxc3 35. bxc3 Bxc3 36. Nd6+ Ke6 37. Nxb7 Bf6 38. Nc5+ Kd5 39. Nd3 Bxh4 40. Nb4+ Kd6 41. Kg2 c5 42. Nd3 Bg5 43. f4 Bf6 44. c4 Nd7 45. h4 Bxh4 46. a4 g5 47. fxg5 Bxg5 48. Kf3 Ne5+ 49. Ke2 Nxd3 50. Kxd3 Ke5 51. Ke2 Kd4 0-1

[Event "Online Olym Div2 D"]
[Site "Chess.com INT"]
[Date "2020.08.16"]
[Round "8.6"]
[White "Putar, Lara"]
[Black "Haile, Batel Goitom"]
[Result "0-1"]
[WhiteElo "1799"]
[BlackElo "1583"]
[PlyCount "94"]
[EventDate "2020.08.14"]
[EventType "team-tourn (rapid)"]
[EventRounds "9"]
[EventCountry "USA"]
[SourceTitle "CBM 198"]
[Source "ChessBase"]
[SourceDate "2020.10.31"]
[SourceVersion "1"]
[SourceVersionDate "2020.10.31"]
[SourceQuality "1"]
[WhiteTeam "Ireland"]
[BlackTeam "Iceland"]
[WhiteTeamCountry "IRL"]
[BlackTeamCountry "ISL"]

1. d4 Nf6 2. c4 e6 3. Nf3 d5 4. g3 b6 5. Bg2 Bb7 6. Ne5 Be7 7. Qa4+ c6 8. 0-0 0-0 9. Nc3 h6 10. Bf4 Nfd7 11. Rfd1 Nxe5 12. Bxe5 Nd7 13. Bf4 Nf6 14. e4 dxe4 15. Nxe4 Nxe4 16. Bxe4 Bd6 17. Be3 Qc7 18. Rac1 a6 19. d5 exd5 20. cxd5 c5 21. b4 b5 22. Qc2 c4 23. a3 a5 24. Rd4 axb4 25. Bh7+ Kh8 26. Rh4 Be7 27. Rh5 Qd6 28. axb4 Ra6 29. Bf4 Qf6 30. Re1 Bd6 31. Bd2 Ra1 32. Rxa1 Qxa1+ 33. Kg2 Qd4 34. Be4 f5 35. Rxh6+ Kg8 36. Bxf5 Qxd5+ 37. Kh3 Qg2+ 38. Kh4 Be7+ 39. Kg4 Bf3+ 40. Kf4 Bd6+ 41. Rxd6 Qxf2 42. Kg5 Bb7 43. Be6+ Kh8 44. Bf4 Qxc2 45. Be5 Qh7 46. Rd7 Qh6+ 47. Kg4 Bf3# 0-1

[Event "Online Olym Div2 D"]
[Site "Chess.com INT"]
[Date "2020.08.15"]
[Round "4.6"]
[White "Srdanovic, Jovana"]
[Black "Haile, Batel Goitom"]
[Result "1/2-1/2"]
[WhiteElo "1988"]
[BlackElo "1583"]
[PlyCount "110"]
[EventDate "2020.08.14"]
[EventType "team-tourn (rapid)"]
[EventRounds "9"]
[EventCountry "USA"]
[SourceTitle "CBM 198"]
[Source "ChessBase"]
[SourceDate "2020.10.31"]
[SourceVersion "1"]
[SourceVersionDate "2020.10.31"]
[SourceQuality "1"]
[WhiteTeam "Serbia"]
[BlackTeam "Iceland"]
[WhiteTeamCountry "SRB"]
[BlackTeamCountry "ISL"]

1. d4 Nf6 2. Nf3 d5 3. c4 e6 4. Nc3 Be7 5. Bf4 a6 6. cxd5 exd5 7. e3 Nc6 8. h3 Bf5 9. Be2 0-0 10. 0-0 h6 11. Rc1 Bd6 12. Ne5 Ne7 13. Qb3 Rb8 14. Bf3 Be6 15. Rfd1 Ng6 16. Nxg6 fxg6 17. Bxd6 Qxd6 18. Qa3 Rfd8 19. Qxd6 Rxd6 20. Na4 c6 21. Nc5 Bf7 22. b4 Rdd8 23. a4 Re8 24. Rd2 Re7 25. Rb2 Be8 26. Be2 Nd7 27. Rcb1 Nb6 28. Rc1 Bf7 29. b5 axb5 30. axb5 cxb5 31. Rxb5 Nc4 32. Nd3 g5 33. Nb4 Rd7 34. Bf3 Rbd8 35. Bg4 Re7 36. Nd3 b6 37. Ra1 Be6 38. Bxe6+ Rxe6 39. Nb4 Red6 40. Ra7 R8d7 41. Rxd7 Rxd7 42. Nxd5 Na3 43. Nxb6 Rxd4 44. exd4 Nxb5 45. d5 Nd6 46. Kf1 Kf7 47. Ke2 Kf6 48. Kd3 Ke5 49. g3 g6 50. f3 h5 51. Ke3 Nf5+ 52. Kf2 Ne7 53. Ke3 Nf5+ 54. Kf2 Ne7 55. Ke3 Nf5+ 1/2-1/2

[Event "Reykjavik Congress"]
[Site "Reykjavik"]
[Date "2020.01.19"]
[Round "5"]
[White "Haile, Batel Goitom"]
[Black "Brynjarsson, Einar Dagur"]
[Result "1-0"]
[WhiteElo "1559"]
[BlackElo "1121"]
[PlyCount "49"]
[EventDate "2020.01.05"]
[EventType "swiss"]
[EventRounds "9"]
[EventCountry "ISL"]
[SourceTitle "CBM 194 Extra"]
[Source "ChessBase"]
[SourceDate "2020.03.31"]
[SourceVersion "1"]
[SourceVersionDate "2020.03.31"]
[SourceQuality "1"]

1. e4 e5 2. Nf3 Nc6 3. Bb5 Bc5 4. 0-0 d6 5. c3 Bd7 6. d4 exd4 7. cxd4 Bb6 8. Nc3 h6 9. Re1 Nge7 10. Nd5 0-0 11. Nxb6 axb6 12. Bf4 Bg4 13. Be2 d5 14. e5 Ng6 15. Be3 Nh4 16. Nxh4 Bxe2 17. Qxe2 Qxh4 18. Qd2 Na5 19. b3 Nc6 20. Rac1 Rfd8 21. f4 Rd7 22. Rf1 Ne7 23. f5 Qe4 24. Rce1 Nxf5 25. Rf4 1-0

[Event "Reykjavik Congress"]
[Site "Reykjavik"]
[Date "2020.01.15"]
[Round "4"]
[White "Mai, Alexander Oliver"]
[Black "Haile, Batel Goitom"]
[Result "1-0"]
[WhiteElo "1958"]
[BlackElo "1559"]
[PlyCount "103"]
[EventDate "2020.01.05"]
[EventType "swiss"]
[EventRounds "9"]
[EventCountry "ISL"]
[SourceTitle "CBM 194 Extra"]
[Source "ChessBase"]
[SourceDate "2020.03.31"]
[SourceVersion "1"]
[SourceVersionDate "2020.03.31"]
[SourceQuality "1"]

1. Nf3 c5 2. g3 g6 3. Bg2 Bg7 4. 0-0 Nf6 5. c4 0-0 6. Nc3 Nc6 7. d4 cxd4 8. Nxd4 a6 9. Nxc6 dxc6 10. Qc2 Qc7 11. b3 Bf5 12. Qd2 Rad8 13. Qe1 Ne4 14. Bxe4 Bxe4 15. Bf4 e5 16. Bg5 f6 17. Bxf6 Bxf6 18. Nxe4 Bg7 19. Qb4 a5 20. Qc3 Rd4 21. Qc2 Qe7 22. e3 Rdd8 23. Rad1 Qe6 24. Rxd8 Rxd8 25. Rd1 Qe7 26. Rxd8+ Qxd8 27. Qd2 Qxd2 28. Nxd2 b6 29. Kg2 Bf8 30. Ne4 Be7 31. Kf3 Kf7 32. Nd2 Ke6 33. Ke4 h6 34. Nf3 Bf6 35. g4 g5 36. Nd2 Be7 37. Nf1 Bf8 38. Ng3 b5 39. Kd3 b4 40. Ke4 Be7 41. Nf5 Bf8 42. h4 Kf6 43. hxg5+ hxg5 44. Ng3 Ke6 45. Ne2 Be7 46. Nc1 Bd6 47. Nd3 c5 48. f3 Kf6 49. Kd5 Bb8 50. Nxc5 Ba7 51. Ne4+ Kg6 52. c5 1-0

[Event "World ol U16"]
[Site "Corum"]
[Date "2019.11.04"]
[Round "8.17"]
[White "Haile, Batel Goitom"]
[Black "Celik, Eylul"]
[Result "1-0"]
[WhiteElo "1474"]
[BlackElo "1896"]
[PlyCount "31"]
[EventDate "2019.10.29"]
[EventType "team-swiss"]
[EventRounds "9"]
[EventCountry "TUR"]
[SourceTitle "CBM 192 Extra"]
[Source "Chessbase"]
[SourceDate "2019.11.06"]
[SourceVersion "1"]
[SourceVersionDate "2019.11.06"]
[SourceQuality "1"]
[WhiteTeam "Iceland"]
[BlackTeam "Turkey Girls"]
[WhiteTeamCountry "ISL"]
[BlackTeamCountry "TUR"]

1. e4 c5 2. Nf3 e6 3. d4 cxd4 4. Nxd4 Qb6 5. Nc3 Bc5 6. Na4 Qa5+ 7. Nc3 Qb6 8. Na4 Qa5+ 9. Nc3 Bxd4 10. Qxd4 Nf6 11. b4 Nc6 12. Qxf6 Nxb4 13. Qxg7 Nxc2+ 14. Kd2 Nxa1 15. Qxh8+ Ke7 16. Qd4 1-0

[Event "World ol U16"]
[Site "Corum"]
[Date "2019.11.03"]
[Round "7.16"]
[White "Pipiras, Filipa Fortuna"]
[Black "Haile, Batel Goitom"]
[Result "0-1"]
[WhiteElo "1939"]
[BlackElo "1474"]
[PlyCount "79"]
[EventDate "2019.10.29"]
[EventType "team-swiss"]
[EventRounds "9"]
[EventCountry "TUR"]
[SourceTitle "CBM 192 Extra"]
[Source "Chessbase"]
[SourceDate "2019.11.06"]
[SourceVersion "1"]
[SourceVersionDate "2019.11.06"]
[SourceQuality "1"]
[WhiteTeam "Portugal"]
[BlackTeam "Iceland"]
[WhiteTeamCountry "POR"]
[BlackTeamCountry "ISL"]

1. d4 Nf6 2. c4 g6 3. Nc3 Bg7 4. e4 d6 5. Be2 0-0 6. Be3 e5 7. d5 Na6 8. g4 Nc5 9. f3 h5 10. g5 Nh7 11. h4 f6 12. gxf6 Bxf6 13. Bf2 a5 14. Kd2 c6 15. Kc2 a4 16. Qe1 Bg7 17. Nh3 Bd7 18. Qg1 Qf6 19. Rd1 Rfd8 20. Be3 a3 21. b3 Na6 22. Ng5 Nb4+ 23. Kb1 Rdc8 24. Nxh7 Kxh7 25. Bg5 Qf8 26. Qe3 c5 27. Rdg1 Bf6 28. Rg3 Qe7 29. Rhg1 Rg8 30. Qf2 Raf8 31. Qg2 Qf7 32. Qh1 Bxg5 33. Rxg5 Qf4 34. Rd1 Qe3 35. Qe1 Qf4 36. Qf2 Bg4 37. Nb5 Qxe4+ 38. fxe4 Rxf2 39. Bxg4 Rb2+ 40. Kc1 0-1

[Event "EU-ch U12 Girls"]
[Site "Bratislava"]
[Date "2019.08.05"]
[Round "4"]
[White "Haile, Batel Goitom"]
[Black "Manko, Mariya"]
[Result "0-1"]
[WhiteElo "1522"]
[BlackElo "1895"]
[PlyCount "82"]
[EventDate "2019.08.02"]
[EventType "swiss"]
[EventRounds "9"]
[EventCountry "SVK"]
[SourceTitle "EXT 2020"]
[Source "ChessBase"]
[SourceDate "2019.10.17"]
[SourceVersion "1"]
[SourceVersionDate "2019.10.17"]
[SourceQuality "1"]

1. d4 Nf6 2. c4 c5 3. d5 b5 4. e3 g6 5. b3 Bg7 6. Bb2 bxc4 7. Bxc4 0-0 8. Nf3 d6 9. 0-0 Ba6 10. Nbd2 Qb6 11. Re1 Nbd7 12. Qc2 Bxc4 13. Nxc4 Qb5 14. e4 Nb6 15. Nfd2 Rfd8 16. Nxb6 axb6 17. Nc4 Qa6 18. Bc3 b5 19. Nd2 Rdc8 20. Bb2 Ra7 21. a4 Rca8 22. b4 bxa4 23. bxc5 dxc5 24. e5 Nxd5 25. Qxc5 e6 26. Qd4 Rb7 27. Ne4 Rb4 28. Qd2 Qb6 29. Ba3 Rb3 30. Bc5 Qb5 31. Bd4 Rd3 32. Qb2 Qb4 33. Qxb4 Nxb4 34. Red1 Rxd4 35. Rxd4 Bxe5 36. Rxb4 Bxa1 37. Rb1 Bd4 38. Nd2 a3 39. Nb3 a2 40. Rd1 Rb8 41. Na1 Rb1 0-1

[Event "EU-ch U12 Girls"]
[Site "Bratislava"]
[Date "2019.08.04"]
[Round "3"]
[White "Haile, Batel Goitom"]
[Black "Kalamoukou, Giolanta"]
[Result "1-0"]
[WhiteElo "1522"]
[BlackElo "1346"]
[PlyCount "207"]
[EventDate "2019.08.02"]
[EventType "swiss"]
[EventRounds "9"]
[EventCountry "SVK"]
[SourceTitle "EXT 2020"]
[Source "ChessBase"]
[SourceDate "2019.10.17"]
[SourceVersion "1"]
[SourceVersionDate "2019.10.17"]
[SourceQuality "1"]

1. d4 Nf6 2. c4 e6 3. Nc3 d5 4. Nf3 Be7 5. e3 0-0 6. cxd5 exd5 7. Be2 c6 8. 0-0 Nbd7 9. Qc2 Re8 10. Re1 Nf8 11. Bd2 Bg4 12. a4 a5 13. h3 Bh5 14. Ne5 Bxe2 15. Rxe2 Ng6 16. Nxg6 hxg6 17. Rae1 Bb4 18. b3 Bxc3 19. Bxc3 Ne4 20. Bb2 Qb6 21. Ba3 Rab8 22. Qd3 Red8 23. Rc2 Ra8 24. Rec1 Qa6 25. Qxa6 Rxa6 26. g4 f5 27. f3 Ng5 28. Kg2 Re8 29. Rc3 fxg4 30. hxg4 Kf7 31. Bd6 Rh8 32. Bc7 Rc8 33. Bd6 Rh8 34. Bc5 Re8 35. Bd6 Rh8 36. R1c2 Rd8 37. Ba3 Rh8 38. Bc1 Ne6 39. Ba3 Ng5 40. Rc1 Raa8 41. Bc5 Rh7 42. Bd6 Ke6 43. Bf4 Nh3 44. Bg3 Ng5 45. Rc5 Kd7 46. Be5 Ne6 47. R5c3 Ng5 48. Bg3 Rf8 49. Bf4 Nh3 50. Bg3 Ng5 51. R3c2 Re8 52. Rc3 Rf8 53. Rf1 Re8 54. Bf4 Nh3 55. Be5 Ng5 56. Rd3 Rf8 57. Rdd1 Rfh8 58. Bf4 Nh3 59. Be5 Ng5 60. Bg3 Re8 61. Kf2 Nh3+ 62. Ke2 Ng5 63. Kd3 Rh3 64. Be5 Rxf3 65. Rxf3 Nxf3 66. Bxg7 Nh2 67. Rg1 Re4 68. g5 Nf3 69. Rg3 Nh4 70. Be5 Nf5 71. Rh3 Rh4 72. Rxh4 Nxh4 73. e4 Nf3 74. Bf6 dxe4+ 75. Kxe4 Nd2+ 76. Kd3 Nf3 77. Ke4 Nd2+ 78. Kd3 Nf3 79. Kc3 Kc7 80. Be7 Kd7 81. Bf6 Kc7 82. Kd3 Ne1+ 83. Kd2 Nf3+ 84. Ke3 Nh4 85. Ke4 Kd7 86. Ke5 Nf3+ 87. Ke4 Nd2+ 88. Kd3 Nf3 89. Ke3 Nh4 90. Ke4 Nf5 91. Ke5 Ne7 92. Bg7 Nf5 93. Kf6 Nh4 94. Bf8 Nf3 95. Kxg6 Nxd4 96. Kf7 Ne6 97. g6 b6 98. Ba3 b5 99. Bb2 bxa4 100. bxa4 c5 101. Bc3 Ng5+ 102. Kg7 Ne6+ 103. Kf6 c4 104. Bxa5 1-0

[Event "EU-ch U12 Girls"]
[Site "Bratislava"]
[Date "2019.08.02"]
[Round "1"]
[White "Haile, Batel Goitom"]
[Black "Vuckovic, Iva"]
[Result "1-0"]
[WhiteElo "1522"]
[BlackElo "1117"]
[PlyCount "65"]
[EventDate "2019.08.02"]
[EventType "swiss"]
[EventRounds "9"]
[EventCountry "SVK"]
[SourceTitle "EXT 2020"]
[Source "ChessBase"]
[SourceDate "2019.10.17"]
[SourceVersion "1"]
[SourceVersionDate "2019.10.17"]
[SourceQuality "1"]

1. d4 d5 2. c4 e6 3. Nc3 Nf6 4. Nf3 Nbd7 5. Qc2 Be7 6. e3 b6 7. cxd5 exd5 8. Bb5 0-0 9. Bc6 Rb8 10. Nxd5 Nxd5 11. Bxd5 c5 12. 0-0 Nf6 13. Bb3 Bb7 14. Qe2 Bxf3 15. Qxf3 cxd4 16. Rd1 Qc7 17. exd4 Rbd8 18. Bf4 Bd6 19. Rac1 Qd7 20. Be5 Ne8 21. Qe4 Qb5 22. h3 g6 23. Rc3 a5 24. Qd3 Qd7 25. a4 Ng7 26. Qe4 Rc8 27. Rdc1 Rxc3 28. Rxc3 Re8 29. Qd5 Rd8 30. Bxd6 Qxd6 31. Qxd6 Rxd6 32. Rc8+ Ne8 33. Rxe8+ 1-0